000 00634cam a22002172 4500
001 0000005372
005 20151217152003.0
008 070612s xx 000 0 eng d
020 _a8170004527 :
_cKES 3,800
040 _aKABU
_cKABU
050 0 _aZ696
_b.D45
100 1 _aDhiman, Anil K.
_@0000156620
245 1 0 _aLearn library classification /
_cAnil K. Dhiman, Yashoda Rani.
260 _aNew Delhi :
_bEss Ess,
_c2005.
300 _a259 p.
650 0 _aClassification
_xBooks.
_@0000156646
700 1 _aRani, Yashoda.
_@0000156621
908 _a070612
950 _@1
999 _c7036
_d7036